| 000 | 01317cam a2200373 i 4500 | ||
|---|---|---|---|
| 001 | zz2007992958 | ||
| 003 | NUKAT | ||
| 005 | 20260325131011.0 | ||
| 008 | 070910s1989 pl d |001 0 pol c | ||
| 035 | _a(OCoLC)749656726 | ||
| 035 | _a(NUKAT)zz2007992958 | ||
| 040 |
_aKR 197/RA _bpol _erda _cKR 197/RA _dKR 197/RA _dOLSZT 003/DS _dOLSZT 008/bak |
||
| 046 | _k1989 | ||
| 100 | 1 |
_aHull, Zbigniew. _eAutor _915035 |
|
| 245 | 1 | 0 |
_aMały słownik filozoficzny / _cZbigniew Hull, Józef Starańczak, Witold Tulibacki. |
| 260 |
_aOlsztyn : _bWydawnictwo ART, _c1989. |
||
| 300 |
_a306, [1] strona ; _c24 cm. |
||
| 336 |
_aTekst _btxt _2rdacontent |
||
| 337 |
_aBez urządzenia pośredniczącego _bn _2rdamedia |
||
| 338 |
_aWolumin _bnc _2rdacarrier |
||
| 380 | _aKsiążki | ||
| 380 | _aPublikacje naukowe | ||
| 388 | 1 | _a1901-2000 | |
| 388 | 1 | _a1945-1989 | |
| 504 | _aBibliografia na stronach 288-293. Indeks. | ||
| 650 | 7 |
_aFilozofia _2DBN _936095 |
|
| 650 | 7 |
_aFilozofia _vsłowniki. _2kaba _938945 |
|
| 655 | 7 |
_aEncyklopedia _2DBN _934994 |
|
| 658 | _aFilozofia i etyka | ||
| 700 | 1 |
_aStarańczak, Józef _d(1942-1994). _eAutor _915036 |
|
| 700 | 1 |
_aTulibacki, Witold _d(1945-2006). _eAutor _915037 |
|
| 710 | 2 |
_aAkademia Rolniczo-Techniczna (Olsztyn). _bWydawnictwo. _eWydawca _4pbl _936332 |
|
| 942 |
_2ddc _cBK_NM |
||
| 999 |
_c27264 _d27264 |
||